Năng lượng Việt Nam

Saved in:
Bibliographic Details
Format: Book
Language:Undetermined
Published: Hà Nội Hiệp hội Năng lượng Việt Nam 2019
Subjects:
Tags: Add Tag
No Tags, Be the first to tag this record!
Institutions: Trung tâm Học liệu Trường Đại học Cần Thơ
LEADER 00580nam a2200169Ia 4500
001 CTU_233914
008 210402s9999 xx 000 0 und d
082 |a 333.79 
082 |b N116 
245 0 |a Năng lượng Việt Nam 
245 0 |c Hiệp hội Năng lượng Việt Nam 
260 |a Hà Nội 
260 |b Hiệp hội Năng lượng Việt Nam 
260 |c 2019 
650 |a Power resources,Trung tâm Học liệu ĐHCT,Tài nguyên năng lượng 
904 |i T.Trang 
980 |a Trung tâm Học liệu Trường Đại học Cần Thơ